000 00460nam a2200181Ia 4500
008 170705s9999 xx 000 0 und d
020 _a9780531266502
245 4 _aThe best mud pie /
245 _cLin Quinn ; illustrated by Ronnie Rooney.
260 _aNew York :
260 _bChildren's Press,
260 _c2011
300 _a40 pages :
300 _bcolor illustration ;
300 _c15cm.
440 _aRookie ready to learn.
500 _a200
999 _c335451
_d335451